[Event "Titled Tuesday intern op 10th Sep Early"]
[Site "Chess,com INT"]
[Date "2024.09.10"]
[Round "5"]
[White "Boraso, Alessio"]
[Black "Chernov, Alexander A"]
[Result "1-0"]
[WhiteElo "2243"]
[BlackElo "2314"]
[PlyCount "117"]
[EventDate "2024.09.10"]
[EventType "swiss (blitz)"]
[EventRounds "11"]
[EventCountry "USA"]
[SourceTitle "EXT 2025"]
[Source "ChessBase"]
[SourceDate "2024.10.14"]
[SourceVersion "1"]
[SourceVersionDate "2024.10.14"]
[SourceQuality "1"]

1. d4 f6 2. c4 g6 3. e4 Nh6 4. Nc3 Nf7 5. Be3 Bg7 6. Bd3 e5 7. Nge2 d6 8. Qd2 Nc6 9. h4 h6 10. f3 f5 11. d5 Ne7 12. h5 f4 13. Bf2 g5 14. c5 g4 15. Rc1 Ng5 16. cxd6 cxd6 17. fxg4 Bxg4 18. Ng1 0-0 19. Be2 Qd7 20. Nf3 Bf6 21. Kd1 Rac8 22. Qd3 a6 23. Kc2 b5 24. Kb1 Rc4 25. Qd1 Rxc3 26. bxc3 Nxe4 27. Be1 Nc5 28. Nxe5 Bf5+ 29. Nd3 Nxd5 30. Ka1 Ne3 31. Qd2 Ne4 32. Qb2 Nc4 33. Qb3 Be6 34. Nxf4 Bg5 35. Nxe6 Qxe6 36. Bxc4 bxc4 37. Qc2 Nd2 38. Bxd2 Bxd2 39. Qxd2 d5 40. Rh3 Kh8 41. Rg3 Qf6 42. Qd4 Qxd4 43. cxd4 a5 44. Rb1 a4 45. Ra3 Rf7 46. Rxa4 Rf4 47. Ra5 Rxd4 48. Rb8+ Kg7 49. Rd8 Kf6 50. Raxd5 Rg4 51. R8d6+ Ke7 52. Rd7+ Ke6 53. R7d6+ Ke7 54. Rd4 Rxg2 55. Rxh6 c3 56. Re4+ Kf7 57. Kb1 Rb2+ 58. Kc1 Rxa2 59. Rc6 1-0